Statistics for 3 Biggest cities by country #3

Click here to take the quiz!

General Stats

  • This quiz has been taken 539 times
  • The average score is 17 of 24

Answer Stats

HintAnswer% Correct
IsraelJerusalem
97%
Rio de Janeiro
97%
UkraineKiev
96%
MexicoMexico CIty
96%
ArgentinaBuenos Aires
95%
TurkeyIstanbul
95%
IndonesiaJakarta
95%
Tel Aviv
94%
Ankara
93%
BrazilSao Paulo
92%
SerbiaBelgrade
90%
Guadalajara
81%
Izmir
65%
Odessa
59%
Haifa
58%
Salvador
51%
Surabaya
47%
Kharkiv
46%
Cordoba
45%
Novi Sad
43%
Rosario
43%
Bandung
40%
Nis
24%
Ecatepec
12%

Score Distribution

Percentile by Number Answered

Percent of People with Each Score

Your Score History

You have not taken this quiz